Mammal by Ear #1 - Statistics

General Stats
  • This quiz has been taken 39 times
  • The average score is 7 of 16
Answer Stats
Picture Answer % Correct
Koala
97%
Red Fox
97%
Panda
94%
Jaguar
74%
Red Squirrel
68%
Wolf
61%
Tiger
55%
Masai Giraffe
42%
Spotted Hyena
39%
Golden Hamster
32%
Golden Jackal
16%
Impala
16%
Crab-eating Macaque
10%
Alpaca
6%
Stoat
6%
Water Buffalo
0%
No matching quizzes found
Score Distribution
Percent of People with Each Score
Percentile by Number Answered
Your Score History
You have not taken this quiz